[Event "Capablanca Memorial Elite 31st"]
[Site "Cienfuegos"]
[Date "1996.??.??"]
[Round "5"]
[White "Conquest, Stuart"]
[Black "Gonzalez, Renier"]
[Result "1-0"]
[WhiteElo "2540"]
[BlackElo "2560"]
[Annotator "Boensch,U"]
[PlyCount "87"]
[EventDate "1996.05.??"]
[EventType "tourn"]
[EventRounds "13"]
[EventCountry "CUB"]
[EventCategory "12"]
[SourceTitle "CBM 054"]
[Source "ChessBase"]
[SourceDate "1996.10.01"]
[SourceVersion "1"]
[SourceVersionDate "1996.10.01"]
[SourceQuality "1"]

1. c4 {Kanstler Petursson} c5 2. Nf3 Nc6 3. d4 cxd4 4. Nxd4 g6 5. Nc2 Bg7 6. e4
Nf6 7. Nc3 d6 (7... b6 8. Be2 O-O 9. O-O Bb7 10. b3 Ne8 11. Qd2 Nd6 12. Ba3
Bxc3 13. Qxc3 Nxe4 14. Qe3 $44 {Christiansen,L-Mowsziszian,K/GER/1994/1:0/74/})
8. Be2 O-O 9. O-O Bd7 (9... b6 10. Bg5 Bb7 11. Rc1 Nb8 12. f3 Nbd7 13. Qd2 Rc8
14. Rfd1 Re8 15. Kh1 Qc7 16. Bf1 Qb8 17. b3 Rc5 18. Be3 Rcc8 19. Nd5 $14 {
Milos,G-Disconzi da Silva,R/Sao Paulo zt (08) ;EXP 47 1995/1-0 (44)}) (9... a6
10. Re1 Rb8 11. Bd2 Bd7 12. Rb1 Ne8 13. b4 Nc7 14. a4 $6 (14. Nd5) 14... a5 $1
15. b5 Nd4 16. Nxd4 Bxd4 17. Rb3 $2 (17. Nd5 $142 Ne6 18. Bh6 Bg7 19. Qd2)
17... e5 $17 {Spraggett,K-Andersson,U/Novi Sad olm (05) CAN-SVE 1990/0-1 (45)})
(9... Nd7 10. Bd2 Nc5 11. b4 Ne6 (11... Bxc3 12. Bxc3 Nxe4 13. Bb2 e5 14. Qe1
Qg5 15. Rd1 Be6 16. Kh1 Qh4 $13 {Milos,G-Spangenberg,H/ARG/1995/1:0/35/}) 12.
Rb1 a5 13. b5 Ncd4 14. Nxd4 (14. b6 {Kanstler} Nxc2 15. Qxc2 Bd7 16. Nd5 Bc6
17. Bg4 Nc5 $13 {Salov,V-Adams,M/Dos Hermanas/1995/0:1/67/}) 14... Nxd4 15. b6
e6 16. Be3 Nxe2+ 17. Nxe2 Bd7 18. Qd3 (18. Qxd6 Bc6 $44) 18... Bc6 $10 {
Milos,G-Spangenberg,H/Villa Gesell (01) ;CBM 52 1996/1-0 (73)}) 10. Bd2 (10.
Bg5 a6 11. Rc1 Rb8 12. Re1 Qa5 13. Bd2 Qd8 14. Bf4 Qa5 15. Bd2 Qd8 16. h3 Na5
17. Bf4 Rc8 18. Ne3 Be6 19. b3 Nd7 20. Ned5 $14 {1-0 Peng Zhaoqin-Milanovic,D/
Pozarevac (12) ;EXP 49 1995 (33)}) (10. Rb1 Rc8 11. Ne3 Ne8 12. Ned5 e6 13. Ne3
Nd4 14. b3 Bc6 15. Bb2 Qa5 16. b4 Qxb4 17. Ncd5 exd5 18. Bxd4 Qa4 19. Bxg7 Qxd1
20. Bxd1 Kxg7 21. cxd5 Bd7 22. Rxb7 $18 {Furhoff,J-Johansson,To/Rilton Cup (09)
;EXP 45 1995/1-0 (47)}) 10... Rc8 11. Rc1 a6 12. Kh1 Qc7 13. f3 Qb8 14. b3 Ne8
15. Nd5 Nc7 (15... b5 $6 {Kanstler} 16. cxb5 axb5 17. Bg5 $1 f6 (17... e6 $2
18. Ne7+ Nxe7 19. Bxe7 $18) 18. Be3 {/\Nb6+/-/}) 16. Nb6 Rcd8 17. Nxd7 (17. f4
Be8 (17... Be6 18. f5 $16) 18. Ne3 Qa7 19. Nbd5 $14) 17... Rxd7 18. f4 b5 19.
Ne3 b4 {/\a5,Na6,Nc5/} (19... bxc4 20. Bxc4 Qb7 21. Nd5 e6 22. Nxc7 Rxc7 23.
Qe2 $16 {^^}) 20. Bg4 Rdd8 (20... e6 21. f5 Ne5 (21... Nd4 22. f6 Bh8 (22...
Bh6 23. Nd5 Bxd2 24. Qxd2 $18) 23. Nd5 $1 (23. Bxb4 Qxb4 24. Qxd4 $16) 23...
Nc6 24. Bf4 Rfd8 (24... Ne8 25. Bh6 $18) 25. c5 dxc5 (25... exd5 26. Bxd7 Rxd7
27. cxd6 $18) 26. Rxc5 $18) 22. Bh3 $16 {/\ Ng4}) 21. Qe1 a5 22. Qh4 Na6 23.
Rf3 (23. Nd5 $1 {Kanstler} Qb7 (23... e6 24. Nf6+ Bxf6 25. Qxf6 $16) 24. f5 $16
) 23... Bf6 (23... Nc5 24. Rh3 h6 25. Bf3 Nd4 26. Ng4 h5 27. f5 $40) 24. Qe1 e6
(24... Nc5 {Kanstler} 25. Nd5 $1 Bg7 26. Rh3 $40) 25. f5 (25. Nc2 $5 Nc5 26.
Qe2 $13) 25... Nc5 (25... Ne5 $5 26. fxg6 (26. fxe6 $2 Nxf3 27. gxf3 Nc5 $15)
26... Nxf3 27. gxh7+ (27. gxf7+ Rxf7 28. gxf3 (28. Bxf3 Bg7 29. Ng4 $44) 28...
Nc5 $15) 27... Kxh7 28. Bxf3 $44) 26. Rh3 Ne5 (26... Nd3 $5 27. Qg3 (27. Qf1 {
Kanstler} Nxc1 $6 (27... Nde5 28. Rd1 $36) (27... exf5 28. Nd5 $1 (28. Qxd3
fxg4 (28... Ne5 29. Qf1 (29. Qe2 fxg4 30. Nxg4 Nxg4 31. Qxg4 $13) 29... fxg4 (
29... Nxg4 $2 30. Nxg4 fxg4 31. Qxf6 $18) 30. Qxf6 Nd7 $1 (30... gxh3 31. Nf5
hxg2+ 32. Kxg2 gxf5 33. Bh6 $18) 31. Qd4 gxh3 32. Nd5 $15) 29. Nxg4 Bg7 30. Bg5
$36) 28... Nde5) 28. fxg6 fxg6 29. Bxe6+ Kh8 30. Qxc1 $44) 27... Nxc1 28. fxg6
(28. fxe6 Nxa2 29. Nd5 $13) 28... Nd3 (28... hxg6 29. Bxe6 Ne5 $19 (29... fxe6
30. Qxg6+ Bg7 31. Qh7+ (31. Qxe6+ Rf7 32. Nf5 Qc7 33. Rg3 Kf8 34. Bh6 Bxh6 35.
Qxh6+ Ke8 36. Qe6+ Kf8 37. Qh6+ $10) 31... Kf7 32. Rf3+ Ke8 33. Qg6+ Kd7 34.
Qxg7+ Ne7 35. Rxf8 Rxf8 36. Bxc1 $13)) 29. gxf7+ Kh8 (29... Kxf7 30. Rxh7+ Ke8
(30... Bg7 31. Bh5+ $18) 31. Bh5+ $18) 30. Bxe6 Nd4 31. Nd5 Nxe6 32. Rxh7+ Kxh7
33. Qh3+ Kg7 34. Qh6+ Kxf7 35. Qxf6+ Kg8 36. Ne7+ Kh7 37. Qh6#) (26... Nxe4 $6
27. fxe6 Ng5 28. Nd5 $1 $18) (26... exf5 27. Nxf5 $1 $36) 27. Qe2 Qb7 28. Rf1 (
28. Bf3 {Kanstler} Nxe4 $1) 28... Qxe4 29. Bf3 Qd3 (29... Nxf3 {Kanstler} 30.
gxf3 Qd3 31. Qg2 exf5 32. Nd5 $44) 30. Qe1 Ne4 $2 (30... gxf5 $19) (30... exf5
{Kanstler} 31. Nd5 $44) (30... Qd4 $1 $17 {Kanstler}) 31. Ng4 $1 Nxg4 (31...
Nxd2 {Kanstler} 32. Nxf6+ Kg7 33. Rxh7+ Kxf6 34. Qh4+ g5 (34... Kxf5 35. Be4#)
35. Qh6+ Kxf5 (35... Ke7 36. Qxe6#) (35... Ng6 36. Rxf7+ Rxf7 37. Qxg6+ Ke5 (
37... Ke7 38. f6+ $18) 38. Qxe6+ Kd4 39. Qd5+ Ke3 40. Re1+ $18) 36. Be2+ Nxf1
37. Bxd3+ Nxd3 38. Qh3+ Ke4 (38... Kg6 39. Qxd3+ $18) 39. Qf3+ Kd4 40. Qxf1 $18
) (31... exf5 {Kanstler} 32. Bxe4 $18) (31... Qxd2 $4 {Kanstler} 32. Nxf6+ Kg7
33. Nxe4 Qxe1 34. f6+ $18) (31... Nxf3 $4 32. Rhxf3 Qxd2 33. Nxf6+ Kg7 34. Nxe4
Qxe1 35. f6+ $18) 32. Bxe4 Qd4 33. Rd3 (33. Rf4 $1 exf5 34. Bxf5 Nf2+ 35. Qxf2
Qa1+ 36. Qf1 gxf5 37. Qxa1 Bxa1 38. Rxf5 $16) 33... Qc5 (33... Qe5 $6 {Kanstler
} 34. Bf4 Qc5 35. fxe6 fxe6 36. Bxg6 $13) (33... Qa7 $1 {Kanstler} 34. fxe6
fxe6 35. Bxg6 Ne5 $1 $17) 34. fxe6 fxe6 35. Bxg6 {Petursson: With an obvious
point of 35.....hxg6? 36. Qxe6+ +-, but Black has a tough answer prepared:} Ne5
(35... Qe5 $5 {Kanstler}) 36. Bxh7+ (36. Be4 {Kanstler} Nxd3 37. Bxd3 Qe5 $16)
36... Kxh7 37. Rh3+ Kg8 38. Rg3+ Kf7 (38... Kh7 39. Qe4+ Kh8 40. Rh3+ Kg7 41.
Qh7#) (38... Kh8 39. Qe4 $18) (38... Bg7 {Kanstler} 39. Bh6 Rd7 40. Rxf8+ Kxf8
41. Qf1+ Kg8 42. Qf6 Qc7 43. Qxe6+ Kf8 $8 44. Qf6+ Kg8 45. Qe6+ $10) 39. Bg5
Nd7 (39... Ke7 40. Rxf6 Rxf6 41. Bxf6+ Kxf6 42. Qf1+ Ke7 43. Rg7+ Ke8 44. Qf6
$18) 40. Qe4 Ke7 $4 {Petursson: Loses immediatly. Black now gets mated by
force in maximum 10 moves. Instead he had good defensive chances with:} (40...
Qe5 41. Bxf6 (41. Qh7+ {Petursson} Ke8 42. Qg6+ (42. Bf4 $44 {Kanstler}) 42...
Ke7 $13 (42... Rf7 43. Bxf6 Nxf6 44. Rgf3 Ke7 45. Rxf6 Qxf6 46. Rxf6 Rxf6 $16)
43. Bxf6+ Nxf6 44. Rgf3 Qh5 $19) 41... Nxf6 (41... Qxe4 $4 42. Rg7+ Ke8 43.
Re7#) 42. Rxf6+ Kxf6 (42... Qxf6 $2 43. Rf3 $16) 43. Qh4+ Kf7 44. Rf3+ Kg6 (
44... Ke8 45. Rxf8+ Kxf8 46. Qxd8+ $10) 45. Rg3+ (45. Qg4+ Qg5 46. Qxe6+ Kg7
$19) 45... Kf7 $10 {With perpetual check}) 41. Bxf6+ Rxf6 (41... Nxf6 42. Rg7+
Rf7 43. Rxf7+ (43. Qb7+ {Kanstler} Rd7 44. Rxf7+ Kxf7 45. Qxd7+ $18) 43... Kxf7
44. Qh7+ Ke8 45. Rxf6 $18) 42. Qh7+ Ke8 43. Rg8+ Rf8 (43... Nf8 44. Rxf6 $18)
44. Qf7# 1-0

[Event "Dos Hermanas"]
[Site "Dos Hermanas"]
[Date "1995.??.??"]
[Round "4"]
[White "Salov, Valery"]
[Black "Adams, Michael"]
[Result "0-1"]
[WhiteElo "2715"]
[BlackElo "2655"]
[Annotator "Boensch,U"]
[PlyCount "134"]
[EventDate "1995.04.??"]
[EventType "tourn"]
[EventRounds "9"]
[EventCountry "ESP"]
[EventCategory "18"]
[SourceTitle "CBM 047"]
[Source "ChessBase"]
[SourceDate "1995.08.01"]
[SourceVersion "1"]
[SourceVersionDate "1995.08.01"]
[SourceQuality "1"]

1. d4 Nf6 2. c4 c5 3. Nf3 cxd4 4. Nxd4 Nc6 5. Nc3 g6 6. Nc2 Bg7 7. e4 d6 8. Be2
Nd7 9. Bd2 O-O 10. O-O Nc5 11. b4 Ne6 {Die Annahme des P-Opfer ist nicht
jedermanns Geschmack.} (11... Bxc3 12. Bxc3 Nxe4 13. Bb2 Be6 14. b5 Ne5 15. Qd4
Nf6 16. Ne3 Ned7 17. Rad1 a6 18. g4 Qb6 19. Qxb6 Nxb6 20. Bxf6 exf6 21. Rxd6
Nc8 22. Rd2 axb5 23. cxb5 {1/2 Smirin,I-Tiviakov,S Paris-ch (5) 1991}) 12. Rb1
(12. Kh1 Ned4 13. Nxd4 Nxd4 14. Bd3 a5 15. b5 Ne6 16. Rc1 Nc5 17. Bb1 b6 18.
Bg5 Bb7 19. Qd2 Rc8 20. Nd5 f6 21. Be3 e6 22. Nf4 Qe7 $10 {Ivanchuk,
V-Andersson,U Tilburg2 (9) 1990 1/2 37}) 12... a5 13. b5 (13. a3 $6 axb4 14.
axb4 Ncd4 15. Bd3 Bd7 16. Nxd4 Nxd4 17. Qc1 e6 18. Bh6 Bxh6 19. Qxh6 Qf6 $15 {
Illescas Cordoba,M-Ljubojevic,L (4) Linares m 1993 1/2 80}) 13... Ncd4 14. b6
$1 {Stört das Zusammenspiel der schwarzen Figuren und schafft eine P-Schwäche
auf a5.} Nxc2 15. Qxc2 Bd7 16. Nd5 Bc6 17. Bg4 Nc5 {Es drohte Bxe6 gefolgt von
Nc7 und Weiß erobert den Ba5.} 18. Bg5 Bxd5 (18... Re8 $5) (18... f6 19. Be3
Ba4 20. Qc1 Nxe4 21. Nc7 f5 22. Nxa8 fxg4 23. Nc7 Qd7 $44) 19. cxd5 $14 h5 (
19... Ra6 20. Be2 Rxb6 21. Bxe7 $14) 20. Be2 Rc8 21. Be3 {Schwarz hat keinen
gefährlichen N-Abzug. zB.} a4 (21... Na6 22. Bc4 Qd7 23. Rfc1 $14) 22. Rb4 a3 (
22... Na6 23. Rc4 $14) 23. Rfb1 Qd7 24. Bb5 Qd8 25. Be2 (25. Rc4 $5 f5 26. exf5
Rxf5 27. Rd1 $14) 25... Qd7 26. Rc4 (26. Bb5 $10) 26... e6 27. Rd1 (27. Bxc5
dxc5 28. Rxc5 exd5 29. exd5 Bd4 30. Rc7 Bxb6 31. Rxd7 Rxc2 32. Rxb6 Rxe2 33. g3
Rxa2 34. Rdxb7 (34. Rbxb7 $2 Rd2 35. Ra7 a2 36. Kg2 Re8 37. Rxf7 a1=Q $19)
34... Rd2 (34... Ra8 35. Rb8+ Rxb8 36. Rxb8+ Kg7 37. d6 Rd2 38. Ra8 a2 39. d7
$10) (34... Re8 35. Ra7 Re1+ (35... Ree2 36. Rf6 Rad2 37. Rfxf7 a2 $10) 36. Kg2
Rb2 37. Rba6 Ree2 38. Rf6 a2 39. d6 (39. Rfxf7 $2 a1=Q $19) 39... Rb7 40. Ra8+
Kg7 $15) 35. Ra6 a2 36. Rba7 $10) 27... exd5 28. Rxd5 Qe6 29. Bf4 Rc6 30. Bxd6
Rxd6 31. Rxd6 Qxd6 32. Rxc5 Qxb6 {Der weit vorgerückte a-B stellt eine latente
Gefahr dar. Weiterhin ist es entscheidend, wer die Schwäche f2 oder f7 besser
angreifen kann.} 33. Rb5 Qe6 34. Rb4 (34. Rxb7 Rc8 35. Qb1 Bb2 36. Bf1 (36.
Rxb2 axb2 37. Qxb2 Qxe4 $17)) 34... Rc8 35. Rc4 Rd8 $1 {Der R-Tausch entlastet
Weiß.} 36. g3 h4 $1 {Ungleiche B mit Schwerfiguren, bieten der aktiveren Seite
gute Chancen im Königsangriff.} 37. Bf1 Bd4 38. Qe2 b5 39. Rc2 b4 40. Qf3 (40.
gxh4 $5) 40... hxg3 41. hxg3 Bc3 $15 {Schwarz hat den aktiveren R und die
gefährlichen P am Damenflügel.} 42. Bb5 Rd4 43. Re2 Rd1+ 44. Kg2 Kg7 45. e5 (
45. Ba4 Rb1 46. Qd3 (46. Bb3 Rxb3 47. axb3 Qxb3 $19) 46... Rb2 47. Rxb2 axb2
48. Bb3 $15) 45... Rb1 46. Re4 Bxe5 $1 47. Bc4 (47. Qe3 Qd5 48. Qd3 Qxd3 49.
Bxd3 Rd1 50. Be2 b3 $19) 47... Qf6 $17 48. Rxe5 Rg1+ (48... Qxe5 $4 49. Qxf7+
Kh6 50. Bd3 $18) 49. Kxg1 Qxf3 $19 50. Re7 Kf8 51. Ra7 f5 $1 52. Bb3 Qe4 53.
Rf7+ Ke8 54. Rg7 Qc6 55. Kh2 Kd8 56. Rf7 Kc8 57. Kg1 Qd6 58. Rg7 Kb8 59. Rf7
Qe5 60. Rd7 Qe1+ 61. Kg2 Qe4+ 62. Kg1 g5 $1 {Unterstützt den entscheidenden
Vormarsch des f-P.} 63. Rf7 f4 64. Kh2 f3 65. Kh3 Qd4 $1 66. Rf5 Qxf2 67. Bd5
Qf1+ 0-1

[Event "Manchester Benedictine op 3rd"]
[Site "Manchester"]
[Date "1980.??.??"]
[Round "6"]
[White "Nunn, John DM"]
[Black "Rind, Bruce"]
[Result "1-0"]
[WhiteElo "2515"]
[BlackElo "2395"]
[Annotator "ChessBase"]
[PlyCount "89"]
[EventDate "1980.09.03"]
[EventType "swiss"]
[EventRounds "9"]
[EventCountry "ENG"]
[SourceTitle "EXT 1999"]
[Source "ChessBase"]
[SourceDate "1998.11.16"]
[SourceVersion "1"]
[SourceVersionDate "1998.11.16"]
[SourceQuality "1"]

1. e4 c5 2. Nf3 Nc6 3. d4 cxd4 4. Nxd4 g6 5. c4 Nf6 6. Nc3 d6 7. Nc2 Bg7 8. Be2
Nd7 9. Bd2 Nc5 10. b4 Ne6 11. Rc1 O-O 12. O-O f5 13. exf5 gxf5 14. f4 Ned4 15.
Nxd4 Nxd4 16. Be3 e5 17. Bf3 Be6 18. Bd5 Qd7 19. Bxe6+ Qxe6 20. Nd5 Rf7 21.
Bxd4 exd4 22. Re1 Qd7 23. Qd3 Rc8 24. b5 Rcf8 25. Rc2 a6 26. Rce2 Kh8 27. a4
axb5 28. axb5 Qd8 29. h3 Qa5 30. Re6 Qd8 31. Qa3 Qh4 32. R1e2 Rg8 33. Qd3 Qd8
34. Re7 Rgf8 35. R2e6 Rxe7 36. Rxe7 Qc8 37. Kh2 Re8 38. Rxg7 Kxg7 39. Qxd4+ Kf8
(39... Kf7 40. Qf6+ Kg8 41. Qxd6 Qxc4 42. Nf6+ Kf7 43. Nxe8 Kxe8 44. Qe5+ Kd8
45. Qxf5 $18) 40. Qh8+ Kf7 41. Qxh7+ Kf8 42. Nf6 Rd8 43. Qg8+ Ke7 44. Nd5+ Kd7
45. Qf7# 1-0

[Event "BL2-West 9798"]
[Site "Germany"]
[Date "1998.??.??"]
[Round "?.1"]
[White "Chuchelov, Vladimir"]
[Black "Richter, Wolfgang"]
[Result "1-0"]
[WhiteElo "2545"]
[BlackElo "2465"]
[Annotator "Chuchelov,V"]
[PlyCount "101"]
[EventDate "1997.10.??"]
[EventType "team-tourn"]
[EventRounds "9"]
[EventCountry "GER"]
[SourceTitle "EXT 1999"]
[Source "ChessBase"]
[SourceDate "1998.11.16"]
[SourceVersion "1"]
[SourceVersionDate "1998.11.16"]
[SourceQuality "1"]
[WhiteTeam "Andernach"]
[BlackTeam "Katernberg"]
[WhiteTeamCountry "GER"]
[BlackTeamCountry "GER"]

1. Nf3 Nf6 2. c4 g6 3. Nc3 Bg7 4. e4 c5 5. d4 cxd4 6. Nxd4 Nc6 7. Nc2 $5 O-O 8.
Be2 d6 9. O-O Be6 10. Rb1 $5 Nd7 11. Bd2 Nc5 12. f3 (12. b4 $5 Bxc3 13. Bxc3
Nxe4 14. Ba1 $44) 12... f5 13. b4 Nd7 14. exf5 Bxf5 15. Kh1 Rc8 16. Nd5 (16. f4
Nb6 $1) 16... Nde5 (16... Nce5 17. Bg5 Rf7 18. Rc1 Nxc4 19. Nd4 Ncb6 20. Nxf5
gxf5 21. Rxc8 Nxc8 22. Bc4 Ne5 23. Bb3 h6 24. Bc1 Kh8 25. Nf4 Rf6 26. Bb2 Qe8
27. Ne6 f4 28. Qd5 $16) 17. f4 Nf7 18. Nde3 Be4 (18... Bxc2 19. Nxc2 e6 20. Be3
) 19. Bg4 Rb8 20. Rb3 (20. Re1 $5 $14) 20... e5 21. Be6 Kh8 22. Bd5 Bxd5 23.
Nxd5 b5 $13 24. f5 bxc4 25. Rbf3 Ng5 (25... e4 26. R3f2 gxf5 27. Rxf5 Ne7 28.
Rxf7 Rxf7 29. Rxf7 Nxd5 30. Qh5 $36) 26. Bxg5 Qxg5 27. f6 Bh6 28. Nce3 Nd4 (
28... Nxb4 29. Nxb4 Rxb4 30. Qxd6 Rb6 31. Qe7 c3 32. Rd1 c2 33. Rd7 c1=Q+ 34.
Nf1 $18) 29. Rg3 Qh5 30. Qxh5 (30. Ng4 $1 Nf5 31. Rh3 Qg5 32. Rxf5 gxf5 33.
Nxh6 $16) 30... gxh5 31. Nxc4 Ne2 $6 $138 (31... Rbc8 32. Nce3 Ne2 33. Rh3 Bxe3
34. Rxe3 Nf4 35. Nxf4 Rxf6 36. g3 h4 $11) 32. Rd3 Nf4 33. Nxf4 Rxb4 34. Nxh5
Rxc4 35. Rxd6 $16 Rh4 36. Rf5 $1 Re4 37. h3 Re1+ 38. Kh2 Re2 (38... e4 39. f7
Bg7 40. Re6 $18) 39. f7 Bf4+ (39... Bg7 40. Rg5 Rxf7 41. Nxg7 $18) 40. Nxf4
exf4 41. Ra6 $1 Re7 42. Raf6 a5 43. a4 Rb7 44. Rxf4 $18 Rb4 45. R6f5 Kg7 46.
Kg3 Kg6 47. h4 h6 48. Kg4 Rb6 49. Rxa5 Rxf7 50. Rxf7 Kxf7 51. Kh5 1-0

[Event "Bad Homburg"]
[Site "Bad Homburg"]
[Date "1998.07.18"]
[Round "2"]
[White "Hort, Vlastimil"]
[Black "Larsen, Bent"]
[Result "1-0"]
[WhiteElo "2510"]
[BlackElo "2515"]
[Annotator "Hansen,Cu"]
[PlyCount "65"]
[EventDate "1998.07.17"]
[EventType "tourn"]
[EventRounds "9"]
[EventCountry "GER"]
[EventCategory "13"]
[SourceTitle "CBM 066"]
[Source "ChessBase"]
[SourceDate "1998.09.30"]
[SourceVersion "1"]
[SourceVersionDate "1998.09.30"]
[SourceQuality "1"]

1. Nf3 {Tsesarsky} Nf6 2. c4 c5 3. Nc3 g6 4. d4 cxd4 5. Nxd4 Nc6 6. e4 Bg7 7.
Nc2 d6 8. Be2 Nd7 9. Bd2 O-O 10. O-O Nc5 11. b3 (11. Rc1 {Tsesarsky} Bxc3 12.
Bxc3 Nxe4 13. Be1 Be6 14. f3 Nf6 15. Bc3 d5 16. c5 Bf5 $15 (16... d4 17. Nxd4
Nxd4 18. Bxd4 Bxa2 $15 (18... Qa5 19. a3 Rfd8 20. Qd3 Nd5 21. b4 $11 {Nijboer,
F-Vanheste,J/NLD-ch Hilversum 1989/1/2-1/2 (60)}))) 11... a5 (11... f5 {
Tsesarsky} 12. exf5 Bxf5 13. Ne3 Ne4 (13... Bd3 14. Bxd3 Nxd3 15. Ng4 Qc8 16.
Rb1 $132 (16. Nh6+ Kh8 $132)) 14. Nxe4 (14. Rc1 Nxd2 15. Qxd2 Bc8 $1 $132)
14... Bxe4 15. Bg4 $1 (15. Rc1 Bb2 $17) 15... Bf5 16. Rc1 Bxg4 17. Qxg4 Qc8 18.
Qe4 $14 {Hodgson,J-Espig,L/Bad Woerishofen op 1994/1/2-1/2 (46)}) (11... Bxc3 {
Tsesarsky} 12. Bxc3 Nxe4 13. Bb2 Qa5 (13... Be6 14. Bf3 Nc5 15. Re1 Ne5 16.
Bxe5 dxe5 17. Rxe5 Qc7 $11 {1-0 Schlosser,P-Espig,L/Dresden op 1995 (64)}) 14.
Bf3 f5 (14... Nd2 15. Bxc6 Nxf1 16. Bd5 e6 17. Qd4 f6 18. Bc3 Qc7 19. Bf3 Nxh2
20. Kxh2 $16 {1-0 Brunner,L-Sandor,C/BL 1994 (34)}) 15. Qe2 Ne5 16. Rfd1 (16.
b4 $132) 16... Nf6 17. Bd5+ e6 18. Bxe6+ Bxe6 19. Rxd6 $132 {1/2-1/2 Dvoirys,
S-Zilberman,Y/Leeuwarden op 1994 (35)}) (11... Nd4 {Tsesarsky} 12. Nxd4 Bxd4
13. Rc1 Bd7 (13... Bxc3 14. Bxc3 Nxe4 $44) 14. Bh6 Bg7 15. Bxg7 Kxg7 16. Qd4+
f6 17. f4 $14 {De Boer,G-Bertholee,R/NLD-chT 1995/0-1 (53)}) (11... Bd7 {
Tsesarsky} 12. f3 a5 13. Kh1 b6 14. Be1 Qb8 15. Rc1 Qb7 16. Nd5 f5 17. exf5
Bxf5 18. Bf2 Rad8 19. Nd4 $14 {Timman,J-Miles,A/Wijk aan Zee 1978/1-0 (60)})
12. f3 (12. Rb1 {Tsesarsky} f5 13. exf5 Bxf5 14. Bg4 Bd3 15. Be2 Bf5 16. Bg4 {
1/2-1/2 Korchnoi,V-Matulovic,M/Sarajevo 1969}) 12... f5 {This game is
intersting for strategical reasons. Whites setup is in a way quite logical.
The Maroczy-setup with Ps on e4 and c4 - with control over d5 - gives him a
certain space-advantage. Now it is well-known that the player with more space
should avoid exchanges - so 7. Nd4-c2 is in a way logical. However after
retreating his central placed N white wastes a tempo and gives black time to
break down the strong white pawn-chain f3-e4 by attacking Pe4 with Nc5 and Pf5.
According to theory black has no special problems. How can it be then that one
of the greatest experts on the black side of the Maroczy loses this game?} 13.
exf5 Bxf5 14. Ne3 (14. Re1 $2 {Tsesarsky} a4 $1 15. Ne3 (15. Rb1 axb3 16. axb3
Nd4 $19) 15... axb3 16. axb3 Rxa1 17. Qxa1 Nxb3 $17) 14... a4 $6 {With Kg1-h1
instead of b2-b3 the well-known game Portisch-Tukmakov Madrid 1973 continued
14. - Nd4 15.Nxf5 Nxf5 followed by e7-e6 and d6-d5 with good chances for black.
It is not obvious that white should exchange Ne3 for Bf5 but Nxe2+ followed by
Bd3 is a irritating threat.} (14... Nd4 $142 {[%cal Yd4e2,Yf5d3]} 15. Nxf5 Nxf5
{[%cal Ye7e6,Yd6d5]} 16. Rc1 $5 $13 (16. Rb1 e6 17. Kh1 Kh8 18. Nb5 (18. Ne4
Qc7 19. Bf4 Rad8 20. Qd2 $13 {Roeder,M-Mann,C/2.BLS 1993 (56)}) 18... d5 19.
cxd5 exd5 20. Rc1 b6 21. g4 $6 Nd6 22. Bc3 Nxb5 23. Bxg7+ Kxg7 24. Bxb5 d4 $17
{Portisch,L-Tukmakov,V/Madrid ;Inf 16 1973 (33)})) 15. Nxf5 (15. Rc1 {Tsesarsky
} axb3 16. axb3 Qb6 17. Nxf5 Rxf5 18. Be3 Qxb3 $17) 15... gxf5 16. Rb1 $14 {
[%cal Yb3b4] Now white gets the chance to play b3-b4. Whites P-center is
bigger in the before mentioned games but cannot not be used in a active way}
axb3 17. axb3 Kh8 (17... e6 {Tsesarsky} 18. b4 Nd7 19. Re1 Bd4+ (19... Qb6+ 20.
Kh1 $14) 20. Kh1 Qh4 (20... Bf2 21. Rf1 Qh4 22. Be1 Bxe1 23. Rxe1 $14) 21. g3
Qh5 22. f4 $14) 18. Kh1 Nd4 (18... e6 {Tsesarsky} 19. b4 Nd7 20. Nb5 $14) 19.
b4 Na4 {Blacks postion pawn-structure is quite shaky in the centre. Exchanging
pieces is always a bad sign as white now will find it more easy to attack
blacks weaknesses.} (19... Nd7 {Tsesarsky} 20. Bd3 (20. Bh6 Bxh6 21. Qxd4+ Bg7
22. Qe3 $132) 20... e6 21. Ne2 $14) 20. Nxa4 Nxe2 21. Qxe2 (21. Re1 {Tsesarsky}
Nd4 22. Bg5 Re8 23. c5 $14) 21... Rxa4 22. Bg5 $16 {[%csl Rd5,Re5,Re6,Re7,Rf5]}
Bf6 (22... Be5 {Tsesarsky} 23. Rfe1 f4 (23... Rf7 24. f4 Bc3 25. Bxe7 Qd7 26.
Bxd6 $1 $18) 24. Qe4 b6 25. Qd5 $16) 23. Bxf6+ Rxf6 {[%csl Rh8]} 24. Rfe1 {
[%cal Re2e8]} (24. c5 {Tsesarsky} Qc7 $14 (24... d5 25. Qb2 $16)) 24... Rf7 (
24... e6 {Tsesarsky} 25. Qd2 Qc7 26. Ra1 (26. c5 dxc5 27. bxc5 Qxc5 28. Rxb7
Rd4 29. Qg5 Qf8 $14) 26... Rxa1 27. Rxa1 Rf8 (27... Qxc4 28. Rc1 Qb5 29. Qxd6
$16 (29. Rc8+ Rf8 (29... Kg7 30. Qg5+ $18) 30. Rxf8+ (30. Qd4+ Kg8 31. Rxf8+
Kxf8 32. Qf6+ Kg8 33. Qxe6+ Kg7 $11) 30... Kg7 $11)) 28. Qe2 $14) 25. c5 $1
dxc5 (25... Rg7 $142 {Tsesarsky} 26. Qe6 (26. cxd6 Qxd6 27. Rbd1 Qf6 28. Rd8+
Rg8 29. Qd1 Rxb4 30. Qd5 Rf8 $11) 26... Qf8 27. cxd6 exd6 28. Re2 $14) 26. bxc5
{[%csl Rb7] The position has been simplified, but blacks chances of survival
has not improved. He has far to many weak points to defend.} Qd4 (26... Qd5 {
Tsesarsky} 27. Qb5 (27. Rbd1 Rd4 28. Rxd4 Qxd4 29. Qe6 Qc3 30. f4 Kg8 31. Rd1
Qxc5 32. Rd8+ Kg7 33. Qe1 Rf6 $44) 27... Rc4 28. Qb2+ $16) 27. Rbd1 $1 Qxc5 (
27... Qc3 {Tsesarsky} 28. Qb5 $16) (27... Qf6 {Tsesarsky} 28. Qb5 Rd4 29. Rxd4
Qxd4 30. Qe8+ Kg7 31. Rxe7 Qd1+ (31... Rxe7 32. Qxe7+ $16) 32. Re1 $16) 28.
Rd8+ (28. Qb2+ {Tsesarsky} Kg8 29. Rd8+ Rf8 30. Rxf8+ Kxf8 31. Qh8+ Kf7 32.
Qxh7+ $18) 28... Kg7 29. Qb2+ Kh6 (29... Rf6 30. Rd7 $18) (29... e5 $1 {
Tsesarsky} 30. Rxe5 Qb4 31. Qc1 Qf4 32. Qe1 Rc4 33. Re3 $16) 30. Re6+ Kh5 (
30... Rf6 {Tsesarsky} 31. Rxf6+ exf6 32. Qxf6+ Kh5 33. Qf7+ Kh6 34. Qe6+ Kh5
35. Qe8+ $18) 31. g4+ Kh4 (31... fxg4 {Tsesarsky} 32. Re5+ $18) 32. Rh6+ Kg5
33. Qd2+ 1-0